000 00569nam a2200169 a 4500
008 120416s1968 ||||||||||||||||| || u
050 _aHG 3851 Ein
100 _aEinzig, Paul, 1897
245 1 0 _aLeads and lags
246 _athe main cause of devaluation
260 _aLondon
_bMacmillan
_c1968
300 _axi, 169p.
350 _a0.00
650 0 _aECONOMICS
650 _aDEVALUATION--FOREIGN EXCHANGE
995 _D0.00
_FCBU-MAIN LIBRARY (Kitwe)
_H1
_I0.00
_M1
_UAVAILABLE
_ZMain Library Open Access Collection
999 _c48998
_d48998